| 000 | 00000nas 2200000za 4500 |
| 001 | 9.503167 |
| 003 | CaOODSP |
| 005 | 20240710082140 |
| 007 | cr ||||||||||| |
| 008 | 150406d20112015oncfr p o f0 b0fre|d |
| 022 | |a1927-2936 |
| 040 | |aCaOODSP|bfre |
| 043 | |an-cn--- |
| 086 | 1 |aMR12-6F-PDF |
| 222 | 0|aVoici les faits |b(En ligne) |
| 245 | 10|aVoici les faits |h[ressource électronique]. |
| 260 | |aOttawa : |bInstituts de recherche en santé du Canada, |c2011-2015. |
| 310 | |aSemiannuel |
| 362 | 0 |aVol. 1, no. 1 (automne 2011)-v. 2, no. 4 (printemps 2015). |
| 500 | |aPubl. aussi en anglais sous le titre : Show me the evidence. |
| 520 | 3 |aExpose principalement où et comment sont utilisés les résultats des travaux des chercheurs financés par les IRSC. |
| 692 | 07|2gccst|aRecherche médicale |
| 710 | 2 |aInstituts de recherche en santé du Canada. |
| 775 | 08|tShow me the evidence |w(CaOODSP)9.506772 |
| 776 | 0#|tVoici les faits |w(CaOODSP)9.512345 |